000 00966nam a2200301Ia 4500
003 OSt
005 20221007122848.0
006 a|||||r|||| 00| 0
007 ta
008 221006b |||||||| |||| 00| 0 eng d
020 _a9789380663142 (pbk)
024 _a190219
037 _b628, 21/03/2014, Dhanraj Book House
_cTextual
040 _aPAPL
_cPAPL
_beng
041 _2eng
_aeng
082 _aC:(B28), Q0 Carpa
100 _aReif F
_9474369
245 0 _aFundamentals of statistical and thermal physics
260 _aKolkata
_bLevant
_c2010
300 _axx,651p.
_ccm.
500 _aAppendices 605-628p.; Bibliography 631-636p.; Index 643-651p.
650 _a Statistical physics
_9713592
650 _a Statistical thermodynamics
_9642629
650 _a Thermal physics
_9713744
650 _aPhysics
942 _hC:(B28), Q0 Carpa
_cTEXL
_2CC
999 _c1211043
_d1211043